Statistika Časopis pro teorii a praxi soustavy sociálně ekonomických informací

Gespeichert in:
Bibliographische Detailangaben
Format: Schriftenreihe
Sprache:Tschechisch
Veröffentlicht: Praha Fed. stat. úřad. 1989
Tags: Tag hinzufügen
Keine Tags, Fügen Sie das erste Tag hinzu!

MARC

LEADER 00000nas2a2200000 4500
001 s028618
005 20250730114138.4
041 0 |a cze 
044 |a CZ 
245 1 0 |a Statistika  |b Časopis pro teorii a praxi soustavy sociálně ekonomických informací 
264 1 |a Praha  |b Fed. stat. úřad.  |c 1989 
300 |a 1 zv. 
773 0 |w eu_un_cat*s120025